000 00514nam a2200193 a 4500
001 1766824442181
003 YourLibrary
005 20251229124201.0
008 251227s2007##################000#0#eng##
020 _a9780737737493
082 0 4 _a205.66
_bGAL
100 1 _aHillstrom, Kevin,
_eauthor.
245 1 0 _aReligion and Sexuality :
260 _bGreenhaven Publishing LLC,
_c2007.
300 _a226 pages
650 0 _aJuvenile Nonfiction.
942 _cENGLISH
040 _aYourLibrary
_beng
_cYourLibrary
999 _c605755
_d605755